000 00295nam a22001457a 4500
005 20250912113817.0
008 250912b |||||||| |||| 00| 0 eng d
040 _a04
100 _aMYNENI, S R
245 _aENGLISH - I
260 _aALA
300 _a574
650 _aENGLISH
942 _c02
999 _c66209
_d66209